[Event "SF Beelen 2 - SC Falke Saerbeck 1"]
[Site "Verbandsklasse 2018/2019"]
[Date "2018.09.15"]
[Round "1.1"]
[White "Vos, Thomas"]
[Black "Fuisting, Dominik"]
[Result "1/2-1/2"]
[WhiteElo "2063"]
[BlackElo "1816"]
[PlyCount "42"]
[EventDate "2018.??.??"]
[SourceDate "2018.10.06"]

1. d4 d5 2. e3 e6 3. c4 c6 4. Bd3 f5 5. Nc3 Nf6 6. Nge2 Bd6 7. f3 O-O 8. Qc2
Nh5 9. g3 Na6 10. a3 Nc7 11. Bd2 b6 12. O-O-O Ba6 13. cxd5 cxd5 14. Bxa6 Nxa6
15. e4 fxe4 16. fxe4 dxe4 17. Nxe4 Rc8 18. N2c3 Be7 19. Be3 Nc7 20. Kb1 Nd5 21.
Bc1 b5 1/2-1/2

[Event "SF Beelen 2 - SC Falke Saerbeck 1"]
[Site "Verbandsklasse 2018/2019"]
[Date "2018.09.15"]
[Round "1.2"]
[White "Wältermann, Thomas"]
[Black "Fischer, Andreas"]
[Result "1/2-1/2"]
[WhiteElo "1747"]
[BlackElo "1923"]
[PlyCount "54"]
[EventDate "2018.??.??"]
[SourceDate "2018.10.06"]

1. e4 d5 2. exd5 Qxd5 3. d4 e5 4. Nf3 exd4 5. Qxd4 Nf6 6. Nc3 Qxd4 7. Nxd4 c6
8. Bd3 Bb4 9. Bd2 O-O 10. O-O-O Nbd7 11. Ne4 Bxd2+ 12. Rxd2 Nxe4 13. Bxe4 Nc5
14. Bf3 Ne6 15. Rhd1 Nxd4 16. Rxd4 Be6 17. a3 Rfe8 18. h3 Kf8 19. Re1 Rad8 20.
Red1 Ke7 21. Rxd8 Rxd8 22. Rxd8 Kxd8 23. Kd2 Kc7 24. Ke3 Kd6 25. Kd4 c5+ 26.
Ke3 Bd5 27. Be4 g6 1/2-1/2

[Event "SF Beelen 2 - SC Falke Saerbeck 1"]
[Site "Verbandsklasse 2018/2019"]
[Date "2018.09.15"]
[Round "1.3"]
[White "Kipp, Lucas"]
[Black "Hanewinkel, Christian"]
[Result "1-0"]
[WhiteElo "1917"]
[BlackElo "1702"]
[PlyCount "75"]
[EventDate "2018.??.??"]
[SourceDate "2018.10.06"]

1. e4 c5 2. c3 d6 3. d4 cxd4 4. cxd4 Nf6 5. Nc3 g6 6. Nf3 Bg7 7. Be2 O-O 8. O-O
a6 9. a4 Nc6 10. h3 Qc7 11. Be3 Na5 12. Rc1 Qb6 13. d5 Qb4 14. Nd2 Bd7 15. Na2
Qxa4 16. Qxa4 Bxa4 17. Nc3 Nb3 18. Nxa4 Nxc1 19. Rxc1 Rfc8 20. Rb1 Rc7 21. Nb6
Rd8 22. f3 Nd7 23. Ndc4 f5 24. Nxd7 Rdxd7 25. Bb6 Rc8 26. exf5 gxf5 27. Bd3 Rf8
28. Bc2 e6 29. dxe6 Re7 30. Nxd6 f4 31. Nf5 Ree8 32. Bc5 Rf6 33. Nxg7 Kxg7 34.
Bd4 Rexe6 35. Be4 b5 36. Rc1 a5 37. Rc7+ Kg8 38. Bxh7+ 1-0

[Event "SF Beelen 2 - SC Falke Saerbeck 1"]
[Site "Verbandsklasse 2018/2019"]
[Date "2018.09.15"]
[Round "1.4"]
[White "Beckmann, Frank"]
[Black "Hoge, Reinhard"]
[Result "1/2-1/2"]
[WhiteElo "1746"]
[BlackElo "1902"]
[PlyCount "61"]
[EventDate "2018.??.??"]
[SourceDate "2018.10.06"]

1. d4 Nf6 2. Nf3 g6 3. e3 Bg7 4. Bd3 O-O 5. O-O d6 6. c4 Nbd7 7. Nc3 e5 8. Qc2
c6 9. b3 Re8 10. Bb2 Qe7 11. Nd2 Ng4 12. d5 f5 13. Be2 Ngf6 14. Rad1 a6 15. Nf3
c5 16. e4 Nf8 17. Bd3 f4 18. a3 Bg4 19. Be2 Bxf3 20. Bxf3 g5 21. Qe2 Reb8 22.
Rb1 Qd7 23. h3 b5 24. Ba1 Rb7 25. Rb2 Rab8 26. Rfb1 b4 27. axb4 cxb4 28. Na4
Qc8 29. Rc2 Rc7 30. Rbc1 N8d7 31. Bg4 1/2-1/2

[Event "SF Beelen 2 - SC Falke Saerbeck 1"]
[Site "Verbandsklasse 2018/2019"]
[Date "2018.09.15"]
[Round "1.5"]
[White "Waltermann, Jens"]
[Black "Hofene, Markus"]
[Result "0-1"]
[WhiteElo "1821"]
[BlackElo "1669"]
[PlyCount "54"]
[EventDate "2018.??.??"]
[SourceDate "2018.10.06"]

1. Nf3 Nf6 2. g3 c6 3. c4 d5 4. cxd5 cxd5 5. Bg2 Nc6 6. d4 Bf5 7. a3 e6 8. Nc3
Be7 9. O-O O-O 10. Bf4 Ne4 11. Rc1 g5 12. Be3 Bf6 13. h3 h5 14. Qa4 a6 15. Rfd1
Nd6 16. b4 Nc4 17. Qb3 Nxe3 18. fxe3 g4 19. hxg4 hxg4 20. Nd2 Bg5 21. Nf1 Rc8
22. Nxd5 exd5 23. Bxd5 Qf6 24. Rc5 Be6 25. Bxe6 fxe6 26. d5 Qf2+ 27. Kh1 Kg7
0-1

[Event "SF Beelen 2 - SC Falke Saerbeck 1"]
[Site "Verbandsklasse 2018/2019"]
[Date "2018.09.15"]
[Round "1.6"]
[White "Grothues, Fabian"]
[Black "Bartsch, Jan"]
[Result "0-1"]
[WhiteElo "1596"]
[BlackElo "1696"]
[PlyCount "78"]
[EventDate "2018.??.??"]
[SourceDate "2018.10.06"]

1. e4 Nf6 2. Nc3 d5 3. exd5 Nxd5 4. Nxd5 Qxd5 5. Nf3 Bg4 6. Be2 e6 7. c3 c6 8.
d4 Be7 9. h3 Bh5 10. Bf4 Nd7 11. Qc2 O-O 12. O-O Bg6 13. Qd2 Qa5 14. Rfe1 Rfd8
15. a4 c5 16. dxc5 Nxc5 17. Qe3 Nb3 18. Ra2 Bc5 19. Qe5 Rd5 20. Qc7 Qxc7 21.
Bxc7 Rd7 22. Bg3 Rad8 23. Ne5 Re7 24. Bd1 Nc1 25. Ra1 Nd3 26. Nxd3 Rxd3 27. Be2
Rxg3 28. b4 Rxc3 29. bxc5 Rxc5 30. Red1 h6 31. Rd8+ Kh7 32. Ra8 a6 33. Rd1 Be4
34. Rb8 Bd5 35. Rf8 Rec7 36. Rd4 g6 37. h4 Kg7 38. Rd8 Rc1+ 39. Kh2 R7c2 0-1

[Event "SF Beelen 2 - SC Falke Saerbeck 1"]
[Site "Verbandsklasse 2018/2019"]
[Date "2018.09.15"]
[Round "1.7"]
[White "Bartsch, Rainer"]
[Black "Radinger, Rudolf"]
[Result "1-0"]
[WhiteElo "1741"]
[BlackElo "1584"]
[PlyCount "55"]
[EventDate "2018.??.??"]
[SourceDate "2018.10.06"]

1. d4 Nf6 2. Nf3 e6 3. e3 b6 4. Bd3 Bb7 5. Nbd2 c5 6. b3 Be7 7. Bb2 O-O 8. O-O
d6 9. Qe2 Nbd7 10. c4 Qc7 11. Rad1 Rac8 12. Bb1 Rfd8 13. Ng5 Nf8 14. Nde4 Nxe4
15. Nxe4 d5 16. cxd5 exd5 17. Ng3 Ng6 18. Bf5 Ra8 19. Rc1 Bf8 20. Rfd1 Bc8 21.
Bd3 a5 22. a4 Qa7 23. Qh5 Qc7 24. Nf5 Qd7 25. h3 Qe8 26. Nh4 Qe7 27. Nf3 Qe6
28. Ng5 1-0

[Event "SF Beelen 2 - SC Falke Saerbeck 1"]
[Site "Verbandsklasse 2018/2019"]
[Date "2018.09.15"]
[Round "1.8"]
[White "Gäbler, Marcel"]
[Black "Henschen, Daniel"]
[Result "1/2-1/2"]
[WhiteElo "1588"]
[BlackElo "1623"]
[PlyCount "77"]
[EventDate "2018.??.??"]
[SourceDate "2018.10.06"]

1. d4 d5 2. c4 c6 3. Nc3 Nf6 4. e3 g6 5. Nf3 Bg7 6. cxd5 Nxd5 7. Bd2 O-O 8. Qb3
Nb6 9. h4 Be6 10. Qc2 N8d7 11. h5 Nf6 12. hxg6 fxg6 13. Ne4 Bf5 14. Bd3 Qd5 15.
Nxf6+ Bxf6 16. e4 Qe6 17. Bh6 Rfd8 18. e5 Bxd3 19. Qxd3 Bxe5 20. Nxe5 Qxe5+ 21.
Be3 Qd5 22. Rh6 Rd6 23. O-O-O e5 24. Rdh1 Rd7 25. Rxg6+ hxg6 26. Qxg6+ Rg7 27.
Qf6 Rf8 28. Qh4 Qxg2 29. dxe5 Qg4 30. Qh8+ Kf7 31. Qh6 Nd5 32. Rh4 Qe6 33. Qh5+
Qg6 34. Qf3+ Ke8 35. Qh3 Nxe3 36. Qc8+ Kf7 37. Rf4+ Ke7 38. Qc7+ Ke8 39. Qc8+
1/2-1/2

[Event "SC Rochade Emsdetten 3 - SC Hiltrup 1"]
[Site "Verbandsklasse 2018/2019"]
[Date "2018.09.15"]
[Round "1.1"]
[White "Kammers, Heribert"]
[Black "Bahr, Maximilian"]
[Result "1-0"]
[WhiteElo "1972"]
[BlackElo "1698"]
[PlyCount "69"]
[EventDate "2018.??.??"]
[SourceDate "2018.10.06"]

1. d4 d5 2. c4 c6 3. cxd5 cxd5 4. Nf3 Nc6 5. Bf4 Nf6 6. Nc3 e6 7. Rc1 Qb6 8.
Rb1 Ne4 9. e3 Bb4 10. Nd2 f5 11. a3 Be7 12. Nb5 e5 13. dxe5 Be6 14. Nxe4 dxe4
15. Nd6+ Kf8 16. Be2 Rd8 17. O-O Nxe5 18. Bxe5 Bxd6 19. Bd4 Qc7 20. Rc1 Qf7 21.
Qa4 b6 22. Bc4 Qh5 23. g3 Ke7 24. Qxa7+ Rd7 25. Qxb6 Rb8 26. Qa5 g5 27. Be5 f4
28. exf4 Bh3 29. Bxd6+ Rxd6 30. Qc7+ Rd7 31. Qe5+ Kf8 32. Qxb8+ Kg7 33. Qg8+
Kh6 34. fxg5+ Qxg5 35. Qxg5+ 1-0

[Event "SC Rochade Emsdetten 3 - SC Hiltrup 1"]
[Site "Verbandsklasse 2018/2019"]
[Date "2018.09.15"]
[Round "1.2"]
[White "Gerighausen, Karl-Heinz"]
[Black "Junk, Phillip"]
[Result "1/2-1/2"]
[WhiteElo "1656"]
[BlackElo "1969"]
[PlyCount "33"]
[EventDate "2018.??.??"]
[SourceDate "2018.10.06"]

1. d4 d5 2. c4 e6 3. Nc3 c5 4. cxd5 exd5 5. Nf3 Nc6 6. g3 Nf6 7. Bg2 Be7 8. O-O
O-O 9. Bg5 cxd4 10. Nxd4 Qb6 11. Be3 Qxb2 12. Nxd5 Nxd5 13. Bxd5 Rd8 14. Nxc6
bxc6 15. Qb3 Qxb3 16. Bxb3 Ba6 17. Rfc1 1/2-1/2

[Event "SC Rochade Emsdetten 3 - SC Hiltrup 1"]
[Site "Verbandsklasse 2018/2019"]
[Date "2018.09.15"]
[Round "1.3"]
[White "Voigt, Stefan"]
[Black "Colmer, Willi"]
[Result "0-1"]
[WhiteElo "1764"]
[BlackElo "1782"]
[PlyCount "114"]
[EventDate "2018.??.??"]
[SourceDate "2018.10.06"]

1. e4 c5 2. Nc3 Nc6 3. Bb5 g6 4. Nf3 Bg7 5. Bxc6 bxc6 6. d3 Qc7 7. O-O Nf6 8.
Be3 d6 9. h3 O-O 10. Qd2 Rb8 11. Rab1 Nd7 12. Bh6 Bb7 13. Bxg7 Kxg7 14. Rfe1 e5
15. Ne2 d5 16. Ng3 h6 17. Nh2 f5 18. exf5 gxf5 19. Qe2 Qd6 20. Nf3 Kh7 21. Nxe5
Rbe8 22. f4 Nxe5 23. fxe5 Qg6 24. Qf3 Re7 25. Nh5 Bc8 26. Nf6+ Kh8 27. Re2 f4
28. Kh1 Qf5 29. Rbe1 Rg7 30. Qh5 Rxf6 31. exf6 Qxh5 32. fxg7+ Kxg7 33. Re7+ Kf6
34. Re8 Bxh3 35. Rf8+ Kg7 36. Rxf4 Qg5 37. Rf2 Qh4 38. Ref1 Be6+ 39. Kg1 d4 40.
Re1 Bd5 41. c4 dxc3 42. bxc3 c4 43. dxc4 Bxc4 44. Re3 Qg5 45. Rff3 Qc5 46. Kh1
Bxa2 47. Rg3+ Kh7 48. Re4 Bd5 49. Rb4 Qe7 50. Kh2 a5 51. Ra4 h5 52. Kg1 Qe1+
53. Kh2 Qe5 54. Rd4 Kh6 55. Kh3 Be6+ 56. Kh2 c5 57. Rdd3 h4 0-1

[Event "SC Rochade Emsdetten 3 - SC Hiltrup 1"]
[Site "Verbandsklasse 2018/2019"]
[Date "2018.09.15"]
[Round "1.4"]
[White "Fehlings, Gerd"]
[Black "Junk, Andreas"]
[Result "1/2-1/2"]
[WhiteElo "1772"]
[BlackElo "1748"]
[PlyCount "133"]
[EventDate "2018.??.??"]
[SourceDate "2018.10.06"]

1. d4 d5 2. Nf3 Nf6 3. c4 c6 4. g3 g6 5. Bg2 Bg7 6. O-O O-O 7. Nc3 a5 8. cxd5
Nxd5 9. e4 Nxc3 10. bxc3 Na6 11. Qc2 Nc7 12. Rd1 Bg4 13. h3 Bxf3 14. Bxf3 e6
15. Rb1 Qc8 16. a4 Rd8 17. Bg5 Rd7 18. Qb3 Ne8 19. d5 cxd5 20. exd5 Qxc3 21.
Qxc3 Bxc3 22. dxe6 Rxd1+ 23. Rxd1 fxe6 24. Bxb7 Rb8 25. Bc6 Nf6 26. Rd6 Kf7 27.
Bb5 Bb4 28. Rc6 Nd5 29. Bc4 Re8 30. Ra6 Nf6 31. Be3 Nd5 32. Bxd5 exd5 33. Bb6
Re1+ 34. Kg2 Ra1 35. Bxa5 Rxa4 36. Ra7+ Ke6 37. Ra6+ Kf7 38. Ra7+ Ke6 39. Bb6
Rxa7 40. Bxa7 h5 41. Bd4 Bd2 42. Kf3 Kf5 43. Ke2 Bb4 44. f3 Ba3 45. Bb6 Bd6 46.
Bf2 Be5 47. Kd3 Ke6 48. f4 Bf6 49. g4 hxg4 50. hxg4 Bb2 51. Ba7 Bc1 52. Bb8 Bb2
53. Bc7 Bf6 54. Bb6 Bb2 55. Bd4 Bc1 56. Be3 Bb2 57. Bd2 Bf6 58. Bc3 Be7 59. Bd4
Bd6 60. Be3 Bc7 61. Kc3 Bd6 62. Bd2 Bc5 63. Kb3 Bd4 64. Kb4 Bf2 65. Kb5 Bd4 66.
Kc6 Bf2 67. Bc1 1/2-1/2

[Event "SC Rochade Emsdetten 3 - SC Hiltrup 1"]
[Site "Verbandsklasse 2018/2019"]
[Date "2018.09.15"]
[Round "1.5"]
[White "Haves, Daniel"]
[Black "Schulte, Ralf"]
[Result "1/2-1/2"]
[WhiteElo "1618"]
[BlackElo "1789"]
[PlyCount "53"]
[EventDate "2018.??.??"]
[SourceDate "2018.10.06"]

1. f4 d6 2. e4 c5 3. Nf3 e6 4. d3 Nf6 5. Be2 Nc6 6. c3 Be7 7. Na3 a6 8. O-O O-O
9. Nc2 b5 10. b4 cxb4 11. cxb4 Bb7 12. a3 Rc8 13. Bd2 Qc7 14. Rc1 Qb8 15. Kh1
Rfd8 16. Ne3 h6 17. f5 e5 18. Ng1 d5 19. Nxd5 Nxd5 20. exd5 Rxd5 21. Bxh6 gxh6
22. f6 Bxf6 23. Rxf6 Rd6 24. Qf1 Qc7 25. Bh5 Rf8 26. Qf3 Qe7 27. Rf1 1/2-1/2

[Event "SC Rochade Emsdetten 3 - SC Hiltrup 1"]
[Site "Verbandsklasse 2018/2019"]
[Date "2018.09.15"]
[Round "1.6"]
[White "Fuhrmann, Andreas"]
[Black "Buchholz, Christian"]
[Result "0-1"]
[WhiteElo "1703"]
[BlackElo "1605"]
[PlyCount "64"]
[EventDate "2018.??.??"]
[SourceDate "2018.10.06"]

1. Nf3 d5 2. c4 e6 3. b3 Nf6 4. g3 Nc6 5. Bb2 Be7 6. Bg2 O-O 7. O-O Nd7 8. d4
Bf6 9. Nc3 dxc4 10. bxc4 Nb6 11. Ne4 Nxc4 12. Nxf6+ Qxf6 13. Bc1 h6 14. Qd3 Nb6
15. e4 Rd8 16. Rd1 Nxd4 17. Nxd4 e5 18. Be3 c5 19. Qc2 cxd4 20. Bd2 Bg4 21. f3
Rac8 22. Qb3 Be6 23. Qb2 Qe7 24. Bb4 Qd7 25. Bf1 Nc4 26. Bxc4 Rxc4 27. Rac1
Rdc8 28. Rxc4 Rxc4 29. Bd2 Qc6 30. a3 Rc2 31. Qb4 b6 32. Qe7 Rxd2 0-1

[Event "SC Rochade Emsdetten 3 - SC Hiltrup 1"]
[Site "Verbandsklasse 2018/2019"]
[Date "2018.09.15"]
[Round "1.7"]
[White "Jeromin, Rudolf Gustav"]
[Black "Hoppe, Nico"]
[Result "0-1"]
[WhiteElo "1672"]
[BlackElo "1652"]
[PlyCount "76"]
[EventDate "2018.??.??"]
[SourceDate "2018.10.06"]

1. e4 c6 2. Nf3 d5 3. e5 Bg4 4. d4 c5 5. c3 Nc6 6. Be2 e6 7. O-O Qb6 8. dxc5
Bxc5 9. b4 Bxf3 10. Bxf3 Nxb4 11. cxb4 Bd4 12. Be3 Bxe3 13. fxe3 Qxe3+ 14. Kh1
Qxe5 15. Nd2 Ne7 16. Qa4+ Nc6 17. b5 Qd4 18. Qd1 Ne7 19. Qe2 O-O 20. Nb3 Qb6
21. Qd3 Nf5 22. Be2 Rac8 23. Rf4 Rc7 24. g4 Nd6 25. a4 Ne4 26. Kg2 Rc3 27. Qd1
Qd6 28. Rxe4 Rxb3 29. Qxb3 dxe4 30. Qc3 h6 31. Rd1 Qe7 32. Qd4 Rc8 33. Qxe4 b6
34. Bd3 g6 35. Qf4 Qa3 36. Qd4 Qa2+ 37. Kg3 Qb3 38. Rb1 Qc3 0-1

[Event "SC Rochade Emsdetten 3 - SC Hiltrup 1"]
[Site "Verbandsklasse 2018/2019"]
[Date "2018.09.15"]
[Round "1.8"]
[White "Peters, Tobias"]
[Black "May, Peter"]
[Result "1/2-1/2"]
[WhiteElo "1587"]
[BlackElo "1555"]
[PlyCount "44"]
[EventDate "2018.??.??"]
[SourceDate "2018.10.06"]

1. e4 e5 2. Nf3 Nf6 3. Nxe5 d6 4. Nf3 Nxe4 5. Nc3 Nf6 6. d4 d5 7. Bf4 a6 8. Qd2
Be6 9. O-O-O Bb4 10. Bd3 O-O 11. Ne5 c5 12. Be3 c4 13. Be2 Ne4 14. Qe1 Bxc3 15.
bxc3 Qa5 16. Kb2 Nc6 17. f3 Nd6 18. Bd2 Bf5 19. g4 Bxc2 20. Kxc2 Qxa2+ 21. Kc1
Qa1+ 22. Kc2 Qa2+ 1/2-1/2

[Event "Schach Nienberge 2 - Südlohner SV 2"]
[Site "Verbandsklasse 2018/2019"]
[Date "2018.09.15"]
[Round "1.1"]
[White "Schmeing, Walter"]
[Black "da Costa Campos, André"]
[Result "1-0"]
[WhiteElo "1976"]
[BlackElo "1930"]
[PlyCount "77"]
[EventDate "2018.??.??"]
[SourceDate "2018.10.06"]

1. e4 e5 2. Nf3 Nc6 3. Bb5 a6 4. Ba4 Nf6 5. O-O Be7 6. Re1 b5 7. Bb3 O-O 8. c3
d5 9. d3 dxe4 10. dxe4 Qxd1 11. Bxd1 Rd8 12. Bc2 Bg4 13. Nbd2 Nd7 14. h3 Be6
15. Nf1 Na5 16. Ng5 Bxg5 17. Bxg5 f6 18. Bc1 c5 19. b3 b4 20. cxb4 cxb4 21. Be3
Rac8 22. Rac1 Nc6 23. Bd3 a5 24. Bb5 Nd4 25. Bxd4 exd4 26. Rxc8 Rxc8 27. Rd1
Rc2 28. Rxd4 Nc5 29. Rd2 Rc1 30. f3 Nxb3 31. axb3 Bxb3 32. Rd4 Be6 33. Kf2 b3
34. Nd2 b2 35. Bd3 Ba2 36. Rd8+ Kf7 37. Rb8 b1=Q 38. Bxb1 Bxb1 39. Rxb1 1-0

[Event "Schach Nienberge 2 - Südlohner SV 2"]
[Site "Verbandsklasse 2018/2019"]
[Date "2018.09.15"]
[Round "1.3"]
[White "Richters, Alfred"]
[Black "Schipke, Thorsten"]
[Result "1-0"]
[WhiteElo "1839"]
[BlackElo "1860"]
[PlyCount "71"]
[EventDate "2018.??.??"]
[SourceDate "2018.10.06"]

1. d4 d5 2. Nf3 g6 3. Bf4 Bg7 4. e3 Nh6 5. Bd3 O-O 6. Nbd2 f6 7. c4 c6 8. Qb3
Nf7 9. Be2 e5 10. dxe5 fxe5 11. Bg3 d4 12. c5 Qe7 13. Bc4 Nd7 14. Ne4 Kh8 15.
O-O b6 16. exd4 bxc5 17. dxc5 Rb8 18. Qa3 Nf6 19. Nd6 Nd5 20. Rfe1 Nxd6 21.
cxd6 Qb7 22. Nxe5 Nb4 23. Rac1 Bf5 24. Bb3 h5 25. Rc4 Kh7 26. h4 Rfe8 27. f4
Bf8 28. Rd1 Nd5 29. Qc5 Bd7 30. Ra4 Nb6 31. Rb4 Rbd8 32. Bf7 Rxe5 33. Qxe5 Bg4
34. Qf6 Bxd1 35. Qxg6+ Kh8 36. Qg8# 1-0

[Event "Schach Nienberge 2 - Südlohner SV 2"]
[Site "Verbandsklasse 2018/2019"]
[Date "2018.09.15"]
[Round "1.4"]
[White "Wetterau, Georg"]
[Black "Telöken, Stefan"]
[Result "1/2-1/2"]
[WhiteElo "1804"]
[BlackElo "1814"]
[PlyCount "29"]
[EventDate "2018.??.??"]
[SourceDate "2018.10.06"]

1. e4 c5 2. Nf3 d6 3. d4 cxd4 4. Nxd4 Nf6 5. Nc3 g6 6. Be3 Bg7 7. h3 Nc6 8. Qd2
O-O 9. O-O-O Nxd4 10. Bxd4 Be6 11. f3 Qa5 12. Kb1 Rfe8 13. Nd5 Qxd2 14. Rxd2
Bxd5 15. exd5 1/2-1/2

[Event "Schach Nienberge 2 - Südlohner SV 2"]
[Site "Verbandsklasse 2018/2019"]
[Date "2018.09.15"]
[Round "1.5"]
[White "Böcker, Manfred"]
[Black "Weist, Thorsten"]
[Result "1/2-1/2"]
[WhiteElo "1846"]
[BlackElo "1724"]
[PlyCount "69"]
[EventDate "2018.??.??"]
[SourceDate "2018.10.06"]

1. d4 Nf6 2. e3 g6 3. b3 Bg7 4. Bb2 O-O 5. Be2 d6 6. Nf3 Bf5 7. Nbd2 c5 8. Nh4
Bd7 9. Ndf3 Nc6 10. c4 cxd4 11. Nxd4 Nxd4 12. exd4 d5 13. O-O h5 14. Nf3 Bg4
15. Ne5 Bxe2 16. Qxe2 e6 17. h3 Ne4 18. Rfd1 Rc8 19. Kh2 Qc7 20. Kg1 Nd6 21.
Ba3 Rfd8 22. cxd5 exd5 23. Rac1 Qe7 24. Qe1 Bh6 25. Rxc8 Rxc8 26. Nxg6 Qxe1+
27. Rxe1 fxg6 28. Bxd6 Rc1 29. Rxc1 Bxc1 30. Bb8 a6 31. g4 Kf7 32. Kh2 Kf6 33.
Kg3 Kg5 34. Bc7 Bd2 35. h4+ 1/2-1/2

[Event "Schach Nienberge 2 - Südlohner SV 2"]
[Site "Verbandsklasse 2018/2019"]
[Date "2018.09.15"]
[Round "1.6"]
[White "Schulte Austum, Frank"]
[Black "Schlattmann, Martin"]
[Result "1/2-1/2"]
[WhiteElo "1738"]
[BlackElo "1721"]
[PlyCount "69"]
[EventDate "2018.??.??"]
[SourceDate "2018.10.06"]

1. d4 Nf6 2. Nf3 d5 3. Bg5 e6 4. e3 Nbd7 5. c4 c6 6. Nc3 Qa5 7. Bxf6 Nxf6 8.
Qb3 Ne4 9. Bd3 dxc4 10. Qxc4 Nf6 11. O-O Be7 12. a3 Qh5 13. b4 O-O 14. Ne2 Bd6
15. e4 Bb8 16. Rac1 Bd7 17. Qb3 a6 18. Rc5 Qg6 19. Rg5 Bxh2+ 20. Nxh2 Qxg5 21.
f4 Qh6 22. Rf3 g6 23. Rh3 Qg7 24. g4 h5 25. e5 Nxg4 26. Nxg4 hxg4 27. Rh4 f5
28. exf6 Rxf6 29. Rxg4 Qf7 30. Ng3 e5 31. Bc4 Be6 32. Bxe6 Qxe6 33. Qxe6+ Rxe6
34. dxe5 Kf7 35. Ne4 1/2-1/2

[Event "Schach Nienberge 2 - Südlohner SV 2"]
[Site "Verbandsklasse 2018/2019"]
[Date "2018.09.15"]
[Round "1.7"]
[White "Schmeing, Manfred"]
[Black "Kluczka, Konrad"]
[Result "1/2-1/2"]
[WhiteElo "1677"]
[BlackElo "1776"]
[PlyCount "74"]
[EventDate "2018.??.??"]
[SourceDate "2018.10.06"]

1. e4 e5 2. Nf3 Nc6 3. Bb5 d6 4. d4 exd4 5. Nxd4 Bd7 6. Nc3 Be7 7. Nd5 Nxd4 8.
Bxd7+ Qxd7 9. Qxd4 Nf6 10. Nxe7 Qxe7 11. O-O Qe5 12. c3 O-O 13. f3 Rfe8 14. Be3
d5 15. Qxe5 Rxe5 16. Bd4 Re6 17. Bxf6 gxf6 18. exd5 Re2 19. Rf2 Rae8 20. Kf1
R2e5 21. c4 b5 22. b3 a5 23. Rd2 bxc4 24. bxc4 Rb8 25. Re1 Rb4 26. Rc2 Kf8 27.
Rd1 Ke7 28. Kf2 Kd7 29. Rd4 a4 30. Re4 Rxe4 31. fxe4 Kd6 32. Ke3 Ke5 33. Kd3
Rb1 34. Rf2 Rd1+ 35. Kc2 Re1 36. Kd3 Rd1+ 37. Kc2 Re1 1/2-1/2

[Event "Schach Nienberge 2 - Südlohner SV 2"]
[Site "Verbandsklasse 2018/2019"]
[Date "2018.09.15"]
[Round "1.8"]
[White "Scharlow, Siegmar"]
[Black "Janssen, Guido"]
[Result "1-0"]
[WhiteElo "1690"]
[BlackElo "1677"]
[PlyCount "65"]
[EventDate "2018.??.??"]
[SourceDate "2018.10.06"]

1. d4 Nf6 2. c4 g6 3. Nc3 d5 4. cxd5 Nxd5 5. e4 Nxc3 6. bxc3 Bg7 7. Bc4 c5 8.
Ne2 cxd4 9. cxd4 Nc6 10. Be3 O-O 11. O-O b6 12. Rc1 Bb7 13. Bd5 Na5 14. Bxb7
Nxb7 15. Qa4 Qe8 16. Qa6 Qd7 17. f3 h6 18. Rc2 Rfc8 19. Rxc8+ Qxc8 20. Rc1 Qd7
21. Qc4 Rd8 22. d5 Nd6 23. Qc7 Kf8 24. Bd4 Bxd4+ 25. Nxd4 Ke8 26. Qc3 f6 27.
Qd3 Kf7 28. Nc6 Nb7 29. Nxd8+ Qxd8 30. Rc6 Nc5 31. Qd2 Kg7 32. d6 exd6 33. Qxd6
1-0

[Event "SC Klein-Berlin Rheine 2 - SC Gronau 2"]
[Site "Verbandsklasse 2018/2019"]
[Date "2018.09.15"]
[Round "1.1"]
[White "Klönne, Tim"]
[Black "Hauk, Viktor"]
[Result "1/2-1/2"]
[WhiteElo "1826"]
[BlackElo "1862"]
[PlyCount "28"]
[EventDate "2018.??.??"]
[SourceDate "2018.10.06"]

1. c4 e5 2. Nc3 g6 3. g3 Bg7 4. Bg2 d6 5. e3 Nc6 6. Nge2 Bg4 7. d3 Nge7 8. a3
Qd7 9. h3 Be6 10. Nd5 O-O 11. Nec3 a6 12. Nxe7+ Qxe7 13. O-O Qd7 14. Kh2 Ne7
1/2-1/2

[Event "SC Klein-Berlin Rheine 2 - SC Gronau 2"]
[Site "Verbandsklasse 2018/2019"]
[Date "2018.09.15"]
[Round "1.2"]
[White "Miethe, Christoph"]
[Black "Rothkegel, Jürgen"]
[Result "0-1"]
[WhiteElo "1747"]
[BlackElo "1835"]
[PlyCount "96"]
[EventDate "2018.??.??"]
[SourceDate "2018.10.06"]

1. e4 c5 2. c3 Nf6 3. e5 Nd5 4. d4 cxd4 5. cxd4 Nc6 6. Nf3 e6 7. Nc3 Nxc3 8.
bxc3 d6 9. Bb5 Bd7 10. exd6 Bxd6 11. Bd2 h6 12. O-O O-O 13. Bd3 Qf6 14. Rb1 b6
15. h3 Rac8 16. Re1 e5 17. d5 Ne7 18. c4 Bf5 19. Bxf5 Qxf5 20. Qe2 Ng6 21. g4
Qd7 22. Rb5 f5 23. g5 e4 24. Nd4 Ne5 25. Ne6 Rxc4 26. Rb3 Rfc8 27. gxh6 g6 28.
Kh1 Nf3 29. Rd1 Rc2 30. a3 Be7 31. h7+ Kxh7 32. Qe3 Nxd2 33. Rxd2 Rc1+ 34. Kg2
Qd6 35. Qd4 Rg8 36. Qe3 Bf6 37. Ng5+ Bxg5 38. Qxg5 f4 39. f3 e3 40. Re2 Rd1 41.
Rc3 Rxd5 42. Rc7+ Qxc7 43. Qxd5 Rd8 44. Qa2 Qe7 45. Kh2 Rd4 46. a4 Qd7 47. Qa1
Rd2 48. Qe1 Rxe2+ 0-1

[Event "SC Klein-Berlin Rheine 2 - SC Gronau 2"]
[Site "Verbandsklasse 2018/2019"]
[Date "2018.09.15"]
[Round "1.3"]
[White "Binger, Friedhelm"]
[Black "Horstmann, Michael"]
[Result "1/2-1/2"]
[WhiteElo "1716"]
[BlackElo "1670"]
[PlyCount "61"]
[EventDate "2018.??.??"]
[SourceDate "2018.10.06"]

1. e4 d5 2. exd5 Qxd5 3. Nc3 Qa5 4. d4 Nf6 5. Nf3 Bf5 6. Bc4 e6 7. Bd2 c6 8.
O-O Nbd7 9. Ne2 Qc7 10. Bf4 Bd6 11. Bxd6 Qxd6 12. Ng3 Bg4 13. c3 O-O 14. h3
Bxf3 15. Qxf3 Rfd8 16. Rad1 Qc7 17. Rfe1 Rac8 18. Bb3 Nf8 19. Ne4 Nxe4 20. Rxe4
c5 21. dxc5 Rxd1+ 22. Qxd1 Rd8 23. Rd4 Rc8 24. Qd3 Qe5 25. Qe4 Qxe4 26. Rxe4
Rxc5 27. Rd4 Rc8 28. Bc2 g6 29. Kf1 Kg7 30. Ke2 Kf6 31. f4 1/2-1/2

[Event "SC Klein-Berlin Rheine 2 - SC Gronau 2"]
[Site "Verbandsklasse 2018/2019"]
[Date "2018.09.15"]
[Round "1.4"]
[White "Huesmann, Stephan"]
[Black "Tsoukkerman, Boris"]
[Result "1/2-1/2"]
[WhiteElo "1674"]
[BlackElo "1892"]
[PlyCount "37"]
[EventDate "2018.??.??"]
[SourceDate "2018.10.06"]

1. e4 Nf6 2. e5 Nd5 3. d4 d6 4. f4 g6 5. Nf3 Bg7 6. Nc3 Nb6 7. a4 a5 8. Bb5+ c6
9. Be2 dxe5 10. fxe5 O-O 11. Ne4 Na6 12. Bg5 h6 13. Bh4 g5 14. Bf2 Nd5 15. O-O
Nf4 16. Bxa6 Rxa6 17. Qd2 Qd5 18. Nc5 Ra8 19. Be3 1/2-1/2

[Event "SC Klein-Berlin Rheine 2 - SC Gronau 2"]
[Site "Verbandsklasse 2018/2019"]
[Date "2018.09.15"]
[Round "1.5"]
[White "Reinhold, Klaus"]
[Black "Pohlmeier, Ulrich"]
[Result "1-0"]
[WhiteElo "1816"]
[BlackElo "1584"]
[PlyCount "69"]
[EventDate "2018.??.??"]
[SourceDate "2018.10.06"]

1. d4 Nf6 2. c4 e6 3. Nf3 Bb4+ 4. Bd2 Qe7 5. Nc3 O-O 6. g3 Bxc3 7. Bxc3 Ne4 8.
Rc1 f5 9. Bg2 Nxc3 10. Rxc3 d6 11. O-O Nd7 12. Qc2 Nf6 13. c5 c6 14. cxd6 Qxd6
15. Rb3 a5 16. e3 Nd5 17. a3 b6 18. Ne5 a4 19. Rd3 Ba6 20. Nc4 Bxc4 21. Qxc4 b5
22. Qc2 Rac8 23. Rc1 Rf7 24. Qc5 Qd8 25. Rd2 Rfc7 26. Re2 Kf7 27. e4 fxe4 28.
Rxe4 Nf6 29. Re2 Nd5 30. Bh3 Qf8 31. Bxe6+ Kf6 32. Qxf8+ Rxf8 33. Bxd5 Rd8 34.
Rxc6+ Rxc6 35. Bxc6 1-0